• 首页
  • 本馆介绍
  • 公告通知
  • 最新文献
  • 馆藏检索
  • 电子资源
  • 读者导购
  • 参考咨询
  • 我的图书馆
  • 登录
  • 详细信息显示
  • 放入我的书架
  • 预约/预借图书
  • 作者相关作品
  • 分类相关作品
  • 丛书相关作品
  • 出版社相关作品

书目信息

  • 表格格式
  • 工作单格式
  • 卡片格式
题名:
人体解剖生理学
    
 
作者: 胡集荣 主编
分册: 上册  
出版信息: 沈阳   东北师范大学出版社  1990.6
页数: 325页
开本: 20厘米
丛书名:
单 册:
中图分类: R324
科图分类: 59.4212
主题词: 人体解剖学∶人体生理学--师范大学--教材 , 人体生理学∶人体解剖学--师范大学--教材
电子资源:
ISBN: 7-5602-0402-3
000 00832nam0 2200265 45
001 0191020744
005 20070531085457.81
010    @a7-5602-0402-3@dCNY7.00
100    @a19910829d1990 em y0chiy0121 ea
101 0  @achi
102    @aCN@b210000
102    @aCN@b220000
105    @ay z 000yy
200 10 @a人体解剖生理学@AREN TI JIE POU SHENG LI XUE@h上册@f胡集荣主编@FHU JI RONG ZHU BIAN
210    @a沈阳@c东北师范大学出版社@d1990.6@h1997
215    @a325页@d20厘米
300    @a全国高等师范专科学校教材
540 1  @a人体 解剖 生理学@AREN TI JIE POU SHENG LI XUE
606    @a人体解剖学∶人体生理学@x师范大学@x教材
606    @a人体生理学∶人体解剖学@x师范大学@x教材
690    @aR324
692    @a59.4212
701  0 @a胡集荣@AHU JI RONG@4主编
801  0 @aCN@bTSSF@c20070531
905    @a10447@dR324@e165:1
    
    人体解剖生理学.上册/胡集荣主编.-沈阳:东北师范大学出版社,1990.6(1997)
    325页;20厘米
    全国高等师范专科学校教材
    
    ISBN 7-5602-0402-3:CNY7.00
    
●
相关链接 在E读中查询图书 在五车中查询图书 在当当中查询图书 在豆瓣中查询图书


正题名:人体解剖生理学     索取号:R324/165:1         预约/预借

序号 登录号 条形码 馆藏地/架位号 状态 备注
1 0395752   203957520   第二样本阅览室/ [索取号:R324/165:1] 在馆    
2 0395753   203957539   密集书库/ [索取号:R324/165:1] 在馆    
3 0395754   203957548   密集书库/ [索取号:R324/165:1] 在馆    
4 0395755   203957557   密集书库/ [索取号:R324/165:1] 在馆    
5 0395756   203957566   密集书库/ [索取号:R324/165:1] 在馆    
6 0395757   203957575   密集书库/ [索取号:R324/165:1] 在馆    
7 0395758   203957584   密集书库/ [索取号:R324/165:1] 在馆    
8 0395759   203957593   密集书库/ [索取号:R324/165:1] 在馆    
9 0395760   203957600   密集书库/ [索取号:R324/165:1] 在馆    
10 0395761   203957619   密集书库/ [索取号:R324/165:1] 在馆    
11 0395762   203957628   密集书库/ [索取号:R324/165:1] 在馆    
12 0395763   203957637   密集书库/ [索取号:R324/165:1] 在馆    
13 0395764   203957646   密集书库/ [索取号:R324/165:1] 在馆    
14 0395765   203957655   密集书库/ [索取号:R324/165:1] 在馆    
15 0395766   203957664   密集书库/ [索取号:R324/165:1] 在馆    
16 0395767   203957673   密集书库/ [索取号:R324/165:1] 在馆    
17 0395768   203957682   密集书库/ [索取号:R324/165:1] 在馆    
18 0395769   203957691   密集书库/ [索取号:R324/165:1] 在馆    
19 0395770   203957708   密集书库/ [索取号:R324/165:1] 在馆    
20 0395771   203957717   密集书库/ [索取号:R324/165:1] 在馆    
21 0395772   203957726   密集书库/ [索取号:R324/165:1] 在馆    
22 0395773   203957735   密集书库/ [索取号:R324/165:1] 在馆    
23 0395774   203957744   密集书库/ [索取号:R324/165:1] 在馆    
24 0395775   203957753   密集书库/ [索取号:R324/165:1] 在馆    
25 0395776   203957762   密集书库/ [索取号:R324/165:1] 在馆    
26 0395777   203957771   密集书库/ [索取号:R324/165:1] 在馆    
27 0395778   203957780   密集书库/ [索取号:R324/165:1] 在馆    
28 0395779   203957799   密集书库/ [索取号:R324/165:1] 在馆    
29 0395780   203957806   密集书库/ [索取号:R324/165:1] 在馆    
30 0395781   203957815   密集书库/ [索取号:R324/165:1] 在馆    
31 0395782   203957824   密集书库/ [索取号:R324/165:1] 在馆    
32 0395783   203957833   密集书库/ [索取号:R324/165:1] 在馆    
33 0395784   203957842   密集书库/ [索取号:R324/165:1] 在馆    
34 0395785   203957851   密集书库/ [索取号:R324/165:1] 在馆    
35 0395786   203957860   密集书库/ [索取号:R324/165:1] 在馆    
36 0395787   203957879   密集书库/ [索取号:R324/165:1] 在馆    
37 0395788   203957888   密集书库/ [索取号:R324/165:1] 在馆    
38 0395789   203957897   密集书库/ [索取号:R324/165:1] 在馆    
39 0395790   203957904   密集书库/ [索取号:R324/165:1] 在馆    
40 0395791   203957913   密集书库/ [索取号:R324/165:1] 在馆    
41 0395792   203957922   密集书库/ [索取号:R324/165:1] 在馆    
42 0395793   203957931   密集书库/ [索取号:R324/165:1] 在馆    
43 0395794   203957940   密集书库/ [索取号:R324/165:1] 在馆    
44 0395795   203957959   密集书库/ [索取号:R324/165:1] 在馆    
45 0395796   203957968   密集书库/ [索取号:R324/165:1] 在馆    
46 0395797   203957977   密集书库/ [索取号:R324/165:1] 在馆    
47 0395798   203957986   密集书库/ [索取号:R324/165:1] 在馆    
48 0395799   203957995   密集书库/ [索取号:R324/165:1] 在馆    
49 0395800   203958002   密集书库/ [索取号:R324/165:1] 在馆    
唐山师范学院图书馆 欢迎您!
大连网信软件有限公司© 版权所有